000 00284nam a22001337a 4500
008 210302b ||||| |||| 00| 0 eng d
020 _a0133492095
041 _aeng
080 _a721
100 _a41
101 _aNDE
245 _aGeneral Carpentry
_cSpence,P.W
942 _2udc
_cBK
999 _c55462
_d55462